000 00535nam a2200193Ia 4500
005 20250326140328.0
008 250326s9999 xx 000 0 und d
020 _a81-7514-055-0
037 _aTextbook
040 _aFMSL
_beng
_cFMSL
041 _aeng
_2eng
084 _aX:8.44 P1
_qFMSL
100 _aKumar S Ed.
245 0 _aManagerial Effectiveness
_cKumar S Ed.
260 _aNew Delhi
_bNew Delhi, Vanity Books International
_c2001
300 _ax,246
942 _cTB
_hX:8.44 P1
999 _c1285273
_d1285273